000 00762nam a2200241 i 4500
001 53367
003 ES-MaACL
005 20230906162743.0
007 t|
008 031021s2002 sp ||||0| spa j
020 _a84-8109-387-4 Galaxia Gutenberg
020 _a84-226-9713-0 Círculo de Lectores
040 _aM-BN
_bspa
_cM-BN
080 _a821.112.2-31"19"
100 1 _aDörrie, Doris.
_945429
245 1 0 _a¿Y ahora qué hacemos? /
_cDoris Dörrie ; traducción de Beatriz Galán Echevarría.
250 _a1ª ed.
260 _aBarcelona :
_bGalaxia Gutenberg :
_bCírculo de Lectores,
_c[2002]
300 _a311 p ;
_c22 cm.
700 1 _aGalán Echevarría, Beatriz.
_953301
852 _aES-MaACL
_jL-26557
_bR.131941
999 _c53367
_d53367